Facebooková kocovina

Facebook na prvom mieste v rebríčku sociálnych médií. Marketing firiem na Facebooku. Počet užívateľov tejto sociálnej siete. Úspechy aj neúspechy firiem na sociálnej sieti. Fakty o sociálnych sieťach. Bez ľudí na sociálnych sieťach žiadna firma v sociálnom marketingu neuspeje.

Na minha lista:
Detalhes bibliográficos
Autor principal: Dočekal, Daniel
Formato: Capítulo de Livro
Idioma:tcheco
Assuntos:
Tags: Adicionar Tag
Sem tags, seja o primeiro a adicionar uma tag!

MARC

LEADER 00000naa a2200000 4500
001 0146291
005 20240315071853.8
041 0 |a cze 
044 |a CZ 
245 1 0 |a Facebooková kocovina  |c Daniel Dočekal 
520 |a Facebook na prvom mieste v rebríčku sociálnych médií. Marketing firiem na Facebooku. Počet užívateľov tejto sociálnej siete. Úspechy aj neúspechy firiem na sociálnej sieti. Fakty o sociálnych sieťach. Bez ľudí na sociálnych sieťach žiadna firma v sociálnom marketingu neuspeje. 
610 2 0 |a siete sociálne 
610 2 0 |a internet 
610 2 0 |a firmy 
610 2 0 |a marketing 
610 2 0 |a reklama 
100 1 |a Dočekal, Daniel